Physiology of rooting and stock-scion interaction in Hevea (Record no. 74601)
[ view plain ]
| 000 -LEADER | |
|---|---|
| fixed length control field | 00361nam a2200133Ia 4500 |
| 100 ## - MAIN ENTRY--AUTHOR NAME | |
| Personal name | Sobhana, P. |
| 245 #0 - TITLE STATEMENT | |
| Title | Physiology of rooting and stock-scion interaction in Hevea |
| 260 ## - PUBLICATION, DISTRIBUTION, ETC. (IMPRINT) | |
| Name of publisher | University of Kerala |
| Place of publication | Trivandrum |
| 300 ## - PHYSICAL DESCRIPTION | |
| Number of Pages | 232 |
| 500 ## - GENERAL NOTE | |
| General note | Course: Ph. D |
| 700 ## - ADDED ENTRY--PERSONAL NAME | |
| Personal name | Dr MR Sethuraj |
| 942 ## - ADDED ENTRY ELEMENTS (KOHA) | |
| Koha item type | Theses |
| Withdrawn status | Lost status | Damaged status | Not for loan | Collection code | Home library | Current library | Shelving location | Date acquired | Koha item type |
|---|---|---|---|---|---|---|---|---|---|
| Theses | Thesis | RRII Library | RRII Library | Crop physiology | 31/12/2021 | Theses |